Zhodnotenie BOZP v úseku logistika v podniku Lear Corporation

Uložené v:
Podrobná bibliografia
Hlavný autor: Hudcovská, Bronislava (Autor)
Ďalší autori: Bartošová, Alica (Vedúci práce)
Médium: Rukopis Kniha
Jazyk:Slovak
Vydavateľské údaje: 2019
Predmet:
On-line prístup:http://is.stuba.sk/zp/portal_zp.pl?podrobnosti=143529
Tagy: Pridať tag
Žiadne tagy, Buďte prvý, kto otaguje tento záznam!

MARC

LEADER 00000ntm a22000003a 4500
001 stuzp73982
003 SK-STU
005 20200520131733.6
007 ta
008 150427s2015----xo-----f-mn---000-0-slo-d
040 |a STU  |b slo 
041 0 |a slo 
100 1 |a Hudcovská, Bronislava  |u 065000  |k Z4  |4 aut  |U MTF Materiálovotechnologická fakulta  |T MTF Ústav integrovanej bezpečnosti  |X 69859  |U M5000  |Y 85  |7 69859 
242 0 1 |a Occupational health and safety assessment at Lear Corporation  |y eng 
245 1 0 |a Zhodnotenie BOZP v úseku logistika v podniku Lear Corporation 
260 |c 2019 
650 4 |a vykládka  |2 slo 
650 4 |a školiaci video-postup  |2 slo 
650 4 |a BOZP  |2 slo 
650 4 |a nakládka  |2 slo 
650 4 |a logistika  |2 slo 
650 4 |a logistics  |2 eng 
650 4 |a loading  |2 eng 
650 4 |a unloading  |2 eng 
650 4 |a video training  |2 eng 
650 4 |a OSH  |2 eng 
700 1 |a Bartošová, Alica  |u 065000  |k Z2  |4 ths  |U MTF Materiálovotechnologická fakulta  |T MTF Ústav integrovanej bezpečnosti  |X 37521  |U M5000  |Y 85  |7 37521 
856 4 |u http://is.stuba.sk/zp/portal_zp.pl?podrobnosti=143529 
996 |c M* DP-13913  |l MMSKP  |s P  |a 0  |w stuzp73982_0001